pokemon 5 g ordre alphabetique - Statistiques

Statistiques générales
  • Ce quiz a été pris 35 fois
  • Le résultat moyen est 124 sur 156
Statistiques - réponses
Hint Réponse % Correct
3 lianaja
94%
74 aeropteryx
88%
138 aflamanoir
88%
109 anchwatt
88%
73 arkeapti
88%
10 clamiral
88%
6 grotichon
88%
5 gruikui
88%
116 lugulabre
88%
4 majaspic
88%
9 mateloutre
88%
115 melancolux
88%
155 meloetta
88%
8 moustillon
88%
7 roitiflam
88%
1 victini
88%
2 vipelierre
88%
78 zoroark
88%
77 zorua
88%
43 batracne
82%
148 boreas
82%
52 brutapode
82%
95 carabing
82%
71 carapagos
82%
16 chacripan
82%
39 charpenti
82%
79 chinchidou
82%
145 cobaltium
82%
27 colombeau
82%
48 couverdure
82%
44 crapustule
82%
60 crocorible
82%
62 darumacho
82%
61 darumarond
82%
28 deflaisan
82%
152 demeteros
82%
141 diamat
82%
123 escargaume
82%
139 fermite
82%
18 feuillajou
82%
19 feuiloutan
82%
20 flamajou
82%
21 flamoutan
82%
22 flotajou
82%
23 flotoutan
82%
133 frison
82%
149 fulguris
82%
114 funecire
82%
134 furaiglon
82%
32 geolithe
82%
33 gigalithe
82%
135 gueriaigle
82%
122 hexagel
82%
154 keldeo
82%
110 lamperoie
82%
17 leopardus
82%
112 lewsor
82%
124 limaspeed
82%
49 manternel
82%
63 maracachi
82%
58 mascaiman
82%
15 mastouffe
82%
72 megapagos
82%
82 mesmerella
82%
12 miradar
82%
100 moyade
82%
24 munna
82%
25 mushana
82%
38 nanmeouie
82%
113 neitram
82%
40 ouvrifier
82%
121 polagriffe
82%
120 polarhume
82%
144 pyrax
82%
143 pyronille
82%
150 reshiram
82%
51 scobolide
82%
81 scrutella
82%
127 shaofouine
82%
140 solochi
82%
89 sorbebe
82%
91 sorbouboul
82%
90 sorboul
82%
146 terrakium
82%
142 trioxhydre
82%
137 vaututrice
82%
50 venipatte
82%
147 viridium
82%
99 viskuse
82%
136 vostourno
82%
151 zekrom
82%
41 betochef
76%
87 couaneton
76%
65 crabaraque
76%
64 crabicoque
76%
128 drakkarmin
76%
59 escroco
76%
156 genesect
76%
104 grindur
76%
93 haydaim
76%
45 judokrak
76%
46 karaclee
76%
126 kungfouine
76%
153 kyurem
76%
96 lancargot
76%
47 larveyette
76%
85 meios
76%
37 minotaupe
76%
103 mygavolt
76%
105 noacier
76%
31 nodulithe
76%
84 nucleos
76%
111 ohmassacre
76%
80 pashmilla
76%
26 poichigeon
76%
14 ponchien
76%
13 ponchiot
76%
11 ratentif
76%
36 rototaupe
76%
131 scalpion
76%
132 scalproie
76%
83 siderella
76%
102 statitik
76%
86 symbios
76%
42 tritonde
76%
69 tutafeh
76%
70 tutankafer
76%
92 vivaldaim
76%
29 zebibron
76%
30 zeblitz
76%
67 baggaid
71%
66 baggiguane
71%
55 chlorobule
71%
34 chovsourir
71%
107 clic
71%
108 cliticlic
71%
117 coupenotte
71%
94 emolga
71%
56 fragilady
71%
98 gaulet
71%
130 golemastoc
71%
129 gringolem
71%
118 incisache
71%
88 lakmecygne
71%
125 limonde
71%
101 mamanbo
71%
75 miamiasme
71%
76 miasmax
71%
35 rhinolove
71%
119 tranchodon
71%
97 trompignon
71%
57 bargantua
65%
68 cryptero
65%
53 doudouvet
65%
54 farfaduvet
65%
106 tic
65%
Aucun quiz correspondant
Distribution des résultats
% des personnes avec chaque résultat
Percentile par nombre de réponses
Votre historique - résultats
Vous n’avez pas pris ce quiz